000 00442nam a22001817a 4500
003 CEME
005 20210628203924.0
008 210308b xxu||||| |||| 00| 0 eng d
020 _a0-85229-591-X
040 _c.
082 _a032 ENC'N
100 _aNorton, Peter B
_967863
245 _aThe new encyclopedia britannica , the index a-k
250 _a15TH
260 _aCHICAGO
_bBRITANNICA
_c1994
300 _a1118P
942 _cBK
_2ddc
999 _c575548
_d575548